00463cam a2200169ua 45000010005000000080039000050200018000440400009000620820011000711000030000822450051001122500009001632600048001723000023002206530014002436530036002572348110805n ii |||gr||||Z||||||eng a0-7069-9900-2 cMAIN a370.151 aChauhan, S. S. ,eAuthor.1 aAdvanced educational psychologycS. S. Chauhan a6th. aNew Delhi:bVikas publishing house,c2002. axiii; 542p:c23cm. aEducation aAdvanced educational psychology